000
00226nam a2200085 4500
999
_c
263825
_d
263824
020
_a
0878270043
245
_a
Now You Know: Animal Coverings
260
_a
USA
_b
Encyclopaedia Britannica Educational Corporation
_c
1972
942
_c
BK